Making money off migrants : The Indonesian exodus to Malaysia

Bibliographic Details
Main Author: JONES
Format: Book
Published: Hong Kong; New South Wales, Australia : Asia 2000; Centre for Asia Pacific Social Transformation Srudies , 2000
Subjects:

MARC

LEADER 00000cam a2200000 7i4500
001 0000001080
005 20131221.0
020 0 0 |a 9627160830 
090 0 0 |a 304.82   |b JON 2000 
100 1 0 |a JONES   |h Sidney 
245 1 0 |a Making money off migrants :   |b The Indonesian exodus to Malaysia   |c Sidney Jones 
260 0 0 |a Hong Kong; New South Wales, Australia :   |b Asia 2000; Centre for Asia Pacific Social Transformation Srudies ,   |c 2000 
300 |a 157 p. ;   |c 22 cm. 
650 0 0 |a Emigration and immigration   |z Indonesia 
998 |a JPSM 
999 |a 0000002021   |b Monograph   |c Open Shelf   |e Default branch